[Event "8th Southwest Class"]
[Site "Forth Worth, TX"]
[Date "2017.02.16"]
[Round "1.1"]
[White "GM Zherebukh, Yaroslav"]
[Black "FM Hilby, Craig"]
[Result "1-0"]
[WhiteElo "2614"]
[BlackElo "2333"]
[PlyCount "121"]
[EventDate "2017.02.??"]
[EventType "swiss"]
[EventRounds "9"]
[EventCountry "USA"]

1. e4 e5 2. Nf3 Nc6 3. Bb5 a6 4. Ba4 d6 5. c3 f5 6. exf5 Bxf5 7. O-O Bd3 8. Re1
Be7 9. Re3 e4 10. Ne1 Bg5 11. Rg3 Bh4 12. Re3 Bg5 13. Rg3 Bh4 14. Nxd3 Bxg3 15.
Qe2 Nge7 16. Qxe4 d5 17. Qg4 Bd6 18. Qxg7 Rg8 19. Qxh7 Qd7 20. Qh5+ Rg6 21. Ne1
O-O-O 22. d4 Rgg8 23. g3 Rh8 24. Qf3 Qe6 25. Bd2 Rdf8 26. Qg2 Ng6 27. Na3 Nh4
28. Qf1 Qxe1 29. Qxe1 Nf3+ 30. Kf1 Nxe1 31. Bxe1 Rxh2 32. Kg1 Rfh8 33. Nc2 b5
34. Bb3 Na5 35. Bxd5 Bxg3 36. a4 c6 37. axb5 cxd5 38. Rxa5 axb5 39. Rxb5 Bxf2+
40. Bxf2 Rh1+ 41. Kg2 R1h2+ 42. Kg3 R8h3+ 43. Kg4 Rh7 44. Bg3 Rg7+ 45. Kf3 Rf7+
46. Ke3 Rxc2 47. Be5 Rff2 48. Rc5+ Kb7 49. Rxd5 Rxb2 50. Rc5 Kb6 51. Rc8 Kb7
52. Rb8+ Kc6 53. Kd3 Kd5 54. Rd8+ Ke6 55. Rd6+ Kf5 56. Kc4 Rbc2 57. Kd5 Rce2
58. c4 Rf3 59. Rf6+ Kg4 60. Rxf3 Kxf3 61. c5 1-0

[Event "8th Southwest Class"]
[Site "Forth Worth, TX"]
[Date "2017.02.16"]
[Round "1.4"]
[White "Lederer, Yoav"]
[Black "GM Shabalov, Alexander"]
[Result "1/2-1/2"]
[WhiteElo "2317"]
[BlackElo "2570"]
[PlyCount "112"]
[EventDate "2017.02.??"]
[EventType "swiss"]
[EventRounds "9"]
[EventCountry "USA"]

1. g3 f5 2. Bg2 Nf6 3. c4 g6 4. Nc3 Bg7 5. d3 O-O 6. e4 d6 7. Nge2 Nc6 8. O-O
Kh8 9. h3 e5 10. Nd5 Nxd5 11. cxd5 Ne7 12. Bg5 h6 13. Be3 c6 14. dxc6 bxc6 15.
Qd2 Kh7 16. Rac1 Be6 17. b3 a5 18. exf5 gxf5 19. f4 Qd7 20. Nc3 Qe8 21. Kh2 Rg8
22. Rg1 Ng6 23. Ne2 Ne7 24. fxe5 dxe5 25. d4 Rd8 26. Qxa5 exd4 27. Bf2 Bd5 28.
Nf4 Bxg2 29. Rxg2 Rd6 30. Be1 Nd5 31. Bb4 Rd8 32. Re2 Qf7 33. Rxc6 Ne3 34. Be1
Rge8 35. Kg1 d3 36. Rd2 Ra8 37. Rc7 Rxa5 38. Rxf7 Kg8 39. Rd7 Bc3 40. R7xd3
Bxd2 41. Bxd2 Rae5 42. a4 Nc2 43. Kf2 Re4 44. a5 Rd4 45. Rxd4 Nxd4 46. b4 Kf7
47. Be3 Nb5 48. Ke2 Re4 49. Nd3 Ke8 50. Kd2 h5 51. h4 Kd8 52. a6 Kc7 53. Bg5
Re6 54. Nf4 Rxa6 55. Nxh5 Ra3 56. Ng7 Rxg3 1/2-1/2

[Event "8th Southwest Class"]
[Site "Forth Worth, TX"]
[Date "2017.02.16"]
[Round "1.5"]
[White "GM Holt, Conrad"]
[Black "FM Griffith, Kyron"]
[Result "0-1"]
[WhiteElo "2565"]
[BlackElo "2312"]
[PlyCount "112"]
[EventDate "2017.02.??"]
[EventType "swiss"]
[EventRounds "9"]
[EventCountry "USA"]

1. d4 Nf6 2. c4 g6 3. Nc3 Bg7 4. e4 d6 5. Nf3 O-O 6. h3 e5 7. d5 a5 8. Bg5 Na6
9. Nd2 Qe8 10. Be2 Nd7 11. g4 Ndc5 12. a3 a4 13. Qc2 Bd7 14. O-O-O c6 15. h4
cxd5 16. Nxd5 f6 17. Be3 Rb8 18. h5 Rf7 19. hxg6 hxg6 20. Bh6 Qf8 21. Be3 Bc6
22. Nf3 Rd7 23. Nh4 Qf7 24. g5 Bxd5 25. exd5 fxg5 26. Nf3 g4 27. Ng5 Qf5 28.
Bxg4 Qxc2+ 29. Kxc2 Rc7 30. Kb1 b5 31. Be6+ Kf8 32. cxb5 Rxb5 33. Rh4 Rcb7 34.
b4 axb3 35. Rdh1 b2 36. Bc8 Rb8 37. Bxa6 Nxa6 38. Ne6+ Kg8 39. Nxg7 Kxg7 40.
Bg5 Rxd5 41. Rh7+ Kg8 42. Ra7 Nc5 43. f3 Rd3 44. Bh6 Rb7 45. Ra8+ Kf7 46. Rg1
Ne6 47. Rh8 Rb6 48. Ra8 Rxf3 49. Ra7+ Kf6 50. Bd2 Nf4 51. Ra4 Kf5 52. Re1 g5
53. Ra8 Kg4 54. Rf8 Rb5 55. Bb4 Nd3 56. Rg1+ Rg3 0-1

[Event "8th Southwest Class"]
[Site "Forth Worth, TX"]
[Date "2017.02.16"]
[Round "1.6"]
[White "Giannatos, Peter"]
[Black "IM Li, Ruifeng"]
[Result "0-1"]
[WhiteElo "2284"]
[BlackElo "2561"]
[PlyCount "94"]
[EventDate "2017.02.??"]
[EventType "swiss"]
[EventRounds "9"]
[EventCountry "USA"]

1. d4 Nf6 2. Bf4 g6 3. e3 Bg7 4. Nf3 d6 5. h3 O-O 6. Be2 b6 7. O-O Bb7 8. a4 a5
9. c3 Nbd7 10. Nbd2 e6 11. Bh2 Qe7 12. b4 e5 13. Qb3 Ne4 14. Nxe4 Bxe4 15. Nd2
Bb7 16. Bf3 e4 17. Be2 Kh8 18. bxa5 Rxa5 19. Nc4 Bd5 20. Qb4 Ra7 21. Na3 f5 22.
Nb5 Rb7 23. a5 bxa5 24. Qxa5 Nb6 25. Qb4 Qd7 26. Rfb1 Nc8 27. Qa3 Qf7 28. Qc1
g5 29. c4 Bc6 30. Nc3 Rxb1 31. Rxb1 Ne7 32. d5 Ba8 33. Nb5 f4 34. exf4 gxf4 35.
Bxf4 Qxf4 36. Qxf4 Rxf4 37. Nxc7 Rf8 38. Ne6 Rc8 39. Bg4 Be5 40. Ng5 Rxc4 41.
Nf7+ Kg7 42. Nxe5 dxe5 43. d6 Nc6 44. d7 Rd4 45. Ra1 Bb7 46. Rb1 Na5 47. Rb6
Bc6 0-1

[Event "8th Southwest Class"]
[Site "Forth Worth, TX"]
[Date "2017.02.16"]
[Round "1.8"]
[White "Zhang, Chao"]
[Black "GM Popilski, Gil"]
[Result "0-1"]
[WhiteElo "2242"]
[BlackElo "2539"]
[PlyCount "98"]
[EventDate "2017.02.??"]
[EventType "swiss"]
[EventRounds "9"]
[EventCountry "USA"]

1. e4 e5 2. Nf3 Nc6 3. Bb5 a6 4. Ba4 Nf6 5. O-O Be7 6. Re1 b5 7. Bb3 d6 8. c3
O-O 9. h3 Bb7 10. d4 Re8 11. Ng5 Rf8 12. Nf3 Na5 13. Bc2 c5 14. d5 Nc4 15. b3
Nb6 16. Nbd2 Ne8 17. c4 g6 18. Bd3 b4 19. Nf1 Ng7 20. Bh6 f5 21. exf5 gxf5 22.
Qc2 e4 23. Bxe4 fxe4 24. Rxe4 Bc8 25. Ng3 Bf6 26. Rae1 Ra7 27. Qc1 Nd7 28. Bf4
Nb6 29. Bh6 Re7 30. Rxe7 Bxe7 31. Ng5 Bf6 32. Bxg7 Bxg7 33. Ne6 Bxe6 34. dxe6
Be5 35. Re4 Qf6 36. f4 Bd4+ 37. Kh1 Nc8 38. Qd1 Ne7 39. Qg4+ Kh8 40. Ne2 Re8
41. Qh5 Qg6 42. Qxg6 hxg6 43. Nxd4 cxd4 44. Rxd4 Rd8 45. c5 d5 46. Rxb4 d4 47.
Rb7 d3 48. Rd7 Rxd7 49. exd7 Nc6 0-1

[Event "8th Southwest Class"]
[Site "Forth Worth, TX"]
[Date "2017.02.16"]
[Round "1.10"]
[White "Studen, Damir"]
[Black "GM Raznikov, Dani"]
[Result "0-1"]
[WhiteElo "2223"]
[BlackElo "2514"]
[PlyCount "72"]
[EventDate "2017.02.??"]
[EventType "swiss"]
[EventRounds "9"]
[EventCountry "USA"]

1. d4 d5 2. Nf3 Nf6 3. Bf4 c5 4. c3 Nc6 5. e3 Qb6 6. Qb3 c4 7. Qc2 Bf5 8. Qc1
e6 9. Nh4 Be4 10. Nd2 Be7 11. Nhf3 Bg6 12. Ne5 Nxe5 13. Bxe5 O-O 14. Be2 Rfc8
15. O-O Qd8 16. b4 Nd7 17. Bg3 b5 18. f3 a5 19. a3 Ra6 20. e4 Rca8 21. Rb1 axb4
22. axb4 Nf6 23. Be5 R8a7 24. Bd1 dxe4 25. Bxf6 Bxf6 26. Nxe4 Ra2 27. Nxf6+
Qxf6 28. Rb2 Bd3 29. Re1 h6 30. Re5 Ra1 31. Qd2 R7a3 32. Re1 g5 33. Bc2 Qf4 34.
Qf2 Rxe1+ 35. Qxe1 Rxc3 36. Qxc3 Qe3+ 0-1

[Event "8th Southwest Class"]
[Site "Forth Worth, TX"]
[Date "2017.02.16"]
[Round "1.11"]
[White "IM Chandra, Akshat"]
[Black "Toolin, Christopher"]
[Result "0-1"]
[WhiteElo "2512"]
[BlackElo "2209"]
[PlyCount "66"]
[EventDate "2017.02.??"]
[EventType "swiss"]
[EventRounds "9"]
[EventCountry "USA"]

1. e4 c5 2. Nf3 e6 3. d4 cxd4 4. Nxd4 a6 5. Bd3 Qc7 6. O-O Nf6 7. Qe2 d6 8. c4
Nbd7 9. f4 Be7 10. Nc3 b6 11. Bd2 Bb7 12. Rae1 O-O 13. Kh1 Nc5 14. Bb1 Rac8 15.
e5 Ne8 16. b4 Nd7 17. Nd5 exd5 18. Nf5 Bd8 19. Bc3 Qxc4 20. Qh5 g6 21. e6 Qxc3
22. exf7+ Rxf7 23. Rxe8+ Rf8 24. Qe2 gxf5 25. Qe6+ Kg7 26. Qxd7+ Rf7 27. Qxd6
Bc7 28. Rxc8 Bxc8 29. Qxd5 Bxf4 30. a4 Bb7 31. Qd1 Qh3 32. Qd4+ Rf6 33. Qg1 Be3
0-1

[Event "8th Southwest Class"]
[Site "Forth Worth, TX"]
[Date "2017.02.16"]
[Round "1.12"]
[White "Gorti, Akshita"]
[Black "GM Troff, Kayden"]
[Result "0-1"]
[WhiteElo "2169"]
[BlackElo "2511"]
[PlyCount "62"]
[EventDate "2017.02.??"]
[EventType "swiss"]
[EventRounds "9"]
[EventCountry "USA"]

1. d4 Nf6 2. c4 g6 3. Nc3 d5 4. cxd5 Nxd5 5. e4 Nxc3 6. bxc3 Bg7 7. Bb5+ c6 8.
Ba4 O-O 9. Ne2 e5 10. O-O Qe7 11. f3 Rd8 12. Be3 Nd7 13. Qc1 Nb6 14. Bb3 Be6
15. Bh6 Bc4 16. Bxc4 Nxc4 17. Bxg7 Kxg7 18. Re1 a5 19. f4 exd4 20. cxd4 b5 21.
Ng3 Rxd4 22. e5 Qa3 23. Ne4 Qxc1 24. Raxc1 a4 25. g3 b4 26. Nc5 Nd2 27. Re3 Kg8
28. h4 Rd5 29. Kf2 b3 30. axb3 Rxc5 31. Rxc5 axb3 0-1

[Event "8th Southwest Class"]
[Site "Forth Worth, TX"]
[Date "2017.02.16"]
[Round "1.13"]
[White "IM Drozdowski, Kaeper"]
[Black "WIM Yu, Jennifer"]
[Result "1-0"]
[WhiteElo "2496"]
[BlackElo "2162"]
[PlyCount "97"]
[EventDate "2017.02.??"]
[EventType "swiss"]
[EventRounds "9"]
[EventCountry "USA"]

1. e4 c5 2. Nf3 d6 3. d4 cxd4 4. Qxd4 Nc6 5. Bb5 Bd7 6. Bxc6 Bxc6 7. Nc3 Nf6 8.
Bg5 e6 9. O-O-O Be7 10. Qd3 O-O 11. Nd4 Rc8 12. f4 Qa5 13. h4 a6 14. Kb1 Rfd8
15. f5 e5 16. Nb3 Qc7 17. Bxf6 Bxf6 18. g4 Rd7 19. g5 Bd8 20. Nd2 b5 21. Rhg1
Qb7 22. Nd5 Bxd5 23. exd5 Kf8 24. f6 g6 25. h5 Bb6 26. hxg6 fxg6 27. Rh1 Bc5
28. Rh2 Ke8 29. Ne4 Rf7 30. Qh3 Qd7 31. Qe6+ Kd8 32. Rdh1 Rc7 33. Rh6 Kc8 34.
Nxc5 dxc5 35. Qxa6+ Kb8 36. Qb6+ Ka8 37. Qe6 b4 38. Qxe5 Ra7 39. Re1 Rf8 40. b3
c4 41. Rh4 cxb3 42. axb3 Rb8 43. Qe6 Qb7 44. Qc6 Rc8 45. Qxb7+ Rxb7 46. Re7 Rb5
47. Rhxh7 Rd8 48. f7 Rbxd5 49. Re8 1-0

[Event "8th Southwest Class"]
[Site "Forth Worth, TX"]
[Date "2017.02.16"]
[Round "1.14"]
[White "Daggupati, Balaji"]
[Black "GM Hernandez, Hoilden"]
[Result "0-1"]
[WhiteElo "2158"]
[BlackElo "2496"]
[PlyCount "106"]
[EventDate "2017.02.??"]
[EventType "swiss"]
[EventRounds "9"]
[EventCountry "USA"]

1. e4 c6 2. d4 d5 3. Nc3 dxe4 4. Nxe4 Bf5 5. Ng3 Bg6 6. h4 h6 7. Nf3 e6 8. Ne5
Bh7 9. Bd3 Bxd3 10. Qxd3 Nd7 11. f4 Bb4+ 12. Bd2 Bxd2+ 13. Qxd2 Ngf6 14. O-O-O
O-O 15. Kb1 Qc7 16. Qe2 c5 17. Nxd7 Qxd7 18. Ne4 Nxe4 19. Qxe4 Rfd8 20. c3 Qa4
21. Rd2 Rd5 22. g4 Rad8 23. g5 h5 24. g6 Qe8 25. gxf7+ Qxf7 26. Rg1 Qf5 27.
Qxf5 Rxf5 28. Rdg2 Rd7 29. dxc5 Rxf4 30. b4 Rxh4 31. Kc2 e5 32. Kb3 e4 33. Rg3
Rf4 34. b5 Re7 35. c6 bxc6 36. bxc6 e3 37. Re1 Rfe4 38. Rg5 h4 39. Kc2 Rc4 40.
Rh5 Rc7 41. Rxe3 g6 42. Rd5 R4xc6 43. Rg5 Kg7 44. Rg4 Rc4 45. Rg2 Kh6 46. Re6
Rxc3+ 47. Kb2 Rg3 48. Rxg3 hxg3 49. Re3 g5 50. Rxg3 Kh5 51. Rh3+ Kg4 52. Rh8
Kg3 53. Rg8 g4 0-1

[Event "8th Southwest Class"]
[Site "Forth Worth, TX"]
[Date "2017.02.16"]
[Round "1.16"]
[White "FM Feinstein, Michael"]
[Black "GM Matamoros, Carlos"]
[Result "1/2-1/2"]
[WhiteElo "2140"]
[BlackElo "2486"]
[PlyCount "40"]
[EventDate "2017.02.??"]
[EventType "swiss"]
[EventRounds "9"]
[EventCountry "USA"]

1. d4 e6 2. c4 Bb4+ 3. Nc3 b6 4. f3 c5 5. a3 Bxc3+ 6. bxc3 Nc6 7. e4 Ba6 8. Qa4
Na5 9. Be3 cxd4 10. cxd4 Ne7 11. Be2 O-O 12. c5 Qc8 13. Rc1 Bxe2 14. Nxe2 Qa6
15. Bd2 Nec6 16. Bxa5 Nxa5 17. Kf2 b5 18. Qb4 f5 19. exf5 Nc6 20. Qb3 Na5
1/2-1/2

[Event "8th Southwest Class"]
[Site "Forth Worth, TX"]
[Date "2017.02.16"]
[Round "1.17"]
[White "IM Nakar, Eylon"]
[Black "FM Guo, Arthur"]
[Result "1-0"]
[WhiteElo "2478"]
[BlackElo "2126"]
[PlyCount "61"]
[EventDate "2017.02.??"]
[EventType "swiss"]
[EventRounds "9"]
[EventCountry "USA"]

1. e4 c5 2. Nf3 d6 3. d4 cxd4 4. Nxd4 Nf6 5. Nc3 a6 6. f3 e5 7. Nb3 Be6 8. Be3
Be7 9. Qd2 O-O 10. O-O-O Nbd7 11. g4 b5 12. g5 Nh5 13. Nd5 Bxd5 14. exd5 f6 15.
g6 hxg6 16. Rg1 Kh7 17. Na5 Qe8 18. Nc6 Nb8 19. Nxe7 Qxe7 20. Qg2 Qf7 21. Bd3
f5 22. Qh3 Nd7 23. Rg5 e4 24. fxe4 Qe7 25. exf5 Kg8 26. fxg6 Rae8 27. Bd2 Nhf6
28. Bf5 Nc5 29. Rh5 Nxh5 30. Qxh5 Rxf5 31. Qh7+ 1-0

[Event "8th Southwest Class"]
[Site "Forth Worth, TX"]
[Date "2017.02.16"]
[Round "1.18"]
[White "James, Dylan"]
[Black "IM Vorontsov, Pavlo"]
[Result "0-1"]
[WhiteElo "2111"]
[BlackElo "2477"]
[PlyCount "96"]
[EventDate "2017.02.??"]
[EventType "swiss"]
[EventRounds "9"]
[EventCountry "USA"]

1. e4 d5 2. exd5 Qxd5 3. Nc3 Qd6 4. Nf3 Nf6 5. d4 g6 6. Nb5 Qb6 7. Na3 c6 8.
Nc4 Qd8 9. Nce5 Bg7 10. Bc4 O-O 11. O-O Nbd7 12. Re1 Nxe5 13. Nxe5 Nd5 14. Bb3
Bf5 15. Bd2 a5 16. a3 a4 17. Ba2 Qb6 18. Bxd5 cxd5 19. Bb4 Rfe8 20. c3 f6 21.
Nf3 g5 22. Nd2 e6 23. Nf1 Qc6 24. Qf3 Be4 25. Qg3 h6 26. h4 e5 27. dxe5 gxh4
28. Qxh4 fxe5 29. Ng3 Bg6 30. Rad1 e4 31. Re2 Re5 32. f4 exf3 33. Rxe5 Bxe5 34.
gxf3 Re8 35. f4 Bf6 36. Qg4 Kh7 37. Qf3 Bh4 38. Kh2 Bxg3+ 39. Qxg3 Re2+ 40. Kg1
Be4 41. f5 Rg2+ 42. Qxg2 Bxg2 43. Kxg2 Kg7 44. Rf1 d4+ 45. Rf3 d3 46. c4 Qe4
47. Bc3+ Kf7 48. c5 h5 0-1

[Event "8th Southwest Class"]
[Site "Forth Worth, TX"]
[Date "2017.02.16"]
[Round "1.19"]
[White "IM Rao, Prasanna"]
[Black "Zaloznyy, Mike"]
[Result "0-1"]
[WhiteElo "2477"]
[BlackElo "2100"]
[PlyCount "86"]
[EventDate "2017.02.??"]
[EventType "swiss"]
[EventRounds "9"]
[EventCountry "USA"]

1. d4 e6 2. c4 b6 3. Nf3 Bb7 4. Nc3 f5 5. d5 Be7 6. Nd4 Qc8 7. g3 Nf6 8. Bg2
O-O 9. O-O Na6 10. e4 Nxe4 11. Nxe4 fxe4 12. Bxe4 Nc5 13. Bc2 Qe8 14. b4 Na6
15. a3 Bf6 16. Be3 exd5 17. cxd5 Bxd5 18. Re1 Qf7 19. Qg4 Rae8 20. Nf5 Kh8 21.
Rad1 h5 22. Qe2 Bc4 23. Qd2 Nb8 24. Bf4 d6 25. Ne3 Be6 26. Nd5 Bd8 27. Qd3 g5
28. Be3 Bxd5 29. Qxd5 Rxe3 30. fxe3 Qf2+ 31. Kh1 Qxc2 32. Rf1 Rf2 33. Kg1 Rf6
34. Rxf6 Bxf6 35. Rf1 Nd7 36. Qe6 Qc6 37. h4 gxh4 38. gxh4 Kg7 39. e4 Bd4+ 40.
Kh1 Nf6 41. Qe7+ Kg6 42. Kh2 Qc2+ 43. Kh3 Qd3+ 0-1

[Event "8th Southwest Class"]
[Site "Forth Worth, TX"]
[Date "2017.02.16"]
[Round "1.20"]
[White "Metpally, Jason"]
[Black "IM Javakhadze, Zurab"]
[Result "0-1"]
[WhiteElo "2100"]
[BlackElo "2469"]
[PlyCount "58"]
[EventDate "2017.02.??"]
[EventType "swiss"]
[EventRounds "9"]
[EventCountry "USA"]

1. d4 Nf6 2. c4 e6 3. g3 c5 4. d5 exd5 5. cxd5 g6 6. Bg2 Bg7 7. Nf3 O-O 8. O-O
d6 9. Nc3 Re8 10. Bf4 h6 11. Qc1 g5 12. Be3 Nbd7 13. h4 g4 14. Nd2 Rxe3 15.
fxe3 Nh5 16. Nde4 Nf8 17. Qe1 Ng6 18. Rf4 Qe7 19. Kh2 f5 20. Nd2 Qxe3 21. Nc4
Qe7 22. e3 Bd7 23. a4 Re8 24. Qf2 Nhxf4 25. exf4 Bd4 26. Qf1 Nxh4 27. Nb5 Bxb5
28. axb5 Nxg2 29. Qxg2 Qf7 0-1

[Event "8th Southwest Class"]
[Site "Forth Worth, TX"]
[Date "2017.02.16"]
[Round "1.21"]
[White "IM Stremavicius, Titus"]
[Black "Blanco, Cesar"]
[Result "1-0"]
[WhiteElo "2468"]
[BlackElo "2090"]
[PlyCount "73"]
[EventDate "2017.02.??"]
[EventType "swiss"]
[EventRounds "9"]
[EventCountry "USA"]

1. d4 Nf6 2. c4 g6 3. Nc3 Bg7 4. e4 d6 5. Bd3 O-O 6. Nge2 Nc6 7. O-O e5 8. d5
Nd4 9. Nxd4 exd4 10. Ne2 Re8 11. f3 Nd7 12. Re1 c5 13. f4 Nf6 14. Ng3 Ng4 15.
Qf3 a6 16. a4 Rb8 17. h3 Ne3 18. Nf1 Qh4 19. Bd2 Bd7 20. Nxe3 dxe3 21. Bc3 Bd4
22. Rxe3 Bxe3+ 23. Qxe3 b5 24. e5 dxe5 25. fxe5 b4 26. Be1 Qd4 27. Qxd4 cxd4
28. Bg3 Rbc8 29. b3 f6 30. e6 Bxe6 31. dxe6 Rxe6 32. Bf2 Kg7 33. a5 Rce8 34. c5
Re5 35. c6 Rc5 36. Bxa6 Re7 37. Bb7 1-0

[Event "8th Southwest Class"]
[Site "Forth Worth, TX"]
[Date "2017.02.16"]
[Round "1.22"]
[White "Vaidya, Atulya"]
[Black "IM Brown, Michael"]
[Result "0-1"]
[WhiteElo "2087"]
[BlackElo "2466"]
[PlyCount "118"]
[EventDate "2017.02.??"]
[EventType "swiss"]
[EventRounds "9"]
[EventCountry "USA"]

1. d4 d5 2. c4 dxc4 3. Nf3 Nf6 4. e3 e6 5. Bxc4 a6 6. a4 c5 7. O-O Nc6 8. Qe2
cxd4 9. Rd1 Be7 10. exd4 O-O 11. Bg5 Nb4 12. Nc3 Nfd5 13. Nxd5 Nxd5 14. Bxd5
Bxg5 15. Ba2 Bf6 16. d5 exd5 17. Bxd5 Qb6 18. Ne5 Bf5 19. Nc4 Qb4 20. Qf3 Bg6
21. Rac1 Rac8 22. b3 b5 23. axb5 axb5 24. Ne3 h5 25. h3 Bb2 26. Rxc8 Rxc8 27.
Bb7 Re8 28. Qd5 Kh7 29. Qd7 Re7 30. Qc8 Rxe3 31. fxe3 Qxb3 32. Re1 Bc3 33. Rf1
Bd2 34. e4 Be3+ 35. Kh1 Qd3 36. Re1 Bf4 37. Qc5 Qg3 38. Qg1 b4 39. Rf1 Bd6 40.
Bd5 f6 41. Rb1 Qe5 42. Ra1 Be8 43. Rd1 Ba4 44. Rf1 g6 45. Qa7+ Kh6 46. Qe3+ Kg7
47. Qa7+ Bc7 48. Qg1 Bc2 49. Rf3 h4 50. g4 hxg3 51. Qe3 Bd1 52. Kg1 Bxf3 53.
Qxf3 Qa1+ 54. Kg2 Qb2+ 55. Kf1 Qc1+ 56. Kg2 Qd2+ 57. Kf1 Be5 58. h4 Qh2 59. Qe3
g2+ 0-1

[Event "8th Southwest Class"]
[Site "Forth Worth, TX"]
[Date "2017.02.16"]
[Round "1.23"]
[White "IM Harmon-Vellotti, Luke"]
[Black "Gutman, Joshua"]
[Result "1-0"]
[WhiteElo "2454"]
[BlackElo "2078"]
[PlyCount "73"]
[EventDate "2017.02.??"]
[EventType "swiss"]
[EventRounds "9"]
[EventCountry "USA"]

1. e4 c5 2. Nf3 d6 3. d4 cxd4 4. Nxd4 Nf6 5. Nc3 Nc6 6. Bg5 Qb6 7. Nb3 e6 8.
Qd2 a6 9. f3 Be7 10. O-O-O O-O 11. h4 Rd8 12. Be3 Qc7 13. Qf2 Qb8 14. g4 b5 15.
g5 Nd7 16. h5 Nce5 17. Kb1 Nc4 18. Bc1 Qb6 19. Qg3 Nf8 20. f4 Bb7 21. Bg2 b4
22. Ne2 Rdc8 23. f5 d5 24. g6 fxg6 25. hxg6 hxg6 26. fxg6 e5 27. Bh3 d4 28. Bf5
Rc6 29. Qh3 Rxg6 30. Qh8+ Kf7 31. Qh5 Kg8 32. Rdf1 Rf6 33. Bg5 a5 34. Bxf6 Bxf6
35. Bh7+ Nxh7 36. Qxh7+ Kf8 37. Rhg1 1-0

[Event "8th Southwest Class"]
[Site "Forth Worth, TX"]
[Date "2017.02.16"]
[Round "1.24"]
[White "FM Greanias, Steven"]
[Black "FM Kalikshteyn, Alexander"]
[Result "0-1"]
[WhiteElo "2077"]
[BlackElo "2448"]
[PlyCount "96"]
[EventDate "2017.02.??"]
[EventType "swiss"]
[EventRounds "9"]
[EventCountry "USA"]

1. c4 g6 2. Nf3 Bg7 3. d4 Nf6 4. g3 O-O 5. Bg2 d6 6. O-O Nc6 7. d5 Na5 8. Nfd2
c5 9. Nc3 a6 10. Qc2 b5 11. cxb5 axb5 12. Nxb5 Qb6 13. Na3 Ba6 14. Ndc4 Nxc4
15. Nxc4 Qb5 16. Na3 Qxe2 17. Qxe2 Bxe2 18. Re1 Bd3 19. Re3 c4 20. Nb5 Rfb8 21.
Nc3 Kf8 22. h3 Nd7 23. Bf1 Nc5 24. Bxd3 Nxd3 25. Re4 Nxb2 26. Bxb2 Rxb2 27. Rc1
Bxc3 28. Rxc3 Raxa2 29. Rcxc4 Rxf2 30. Rc8+ Kg7 31. Rxe7 Rfd2 32. Rc1 Rg2+ 33.
Kh1 Rh2+ 34. Kg1 Rag2+ 35. Kf1 Rxg3 36. Rc6 Rd3 37. Kg1 Ra2 38. Rc1 Rg3+ 39.
Kh1 Rxh3+ 40. Kg1 Rg3+ 41. Kh1 Ra4 42. Kh2 Rg5 43. Kh3 Ra3+ 44. Kh2 Ra2+ 45.
Kh1 Ra4 46. Rc2 Rh4+ 47. Rh2 Rxh2+ 48. Kxh2 Rxd5 0-1

[Event "8th Southwest Class"]
[Site "Forth Worth, TX"]
[Date "2017.02.16"]
[Round "1.25"]
[White "GM Boros, Denes"]
[Black "Dejmek, Mark"]
[Result "1-0"]
[WhiteElo "2444"]
[BlackElo "2021"]
[PlyCount "81"]
[EventDate "2017.02.??"]
[EventType "swiss"]
[EventRounds "9"]
[EventCountry "USA"]

1. e4 c5 2. Nf3 d6 3. Nc3 Nc6 4. d4 cxd4 5. Nxd4 g6 6. Be3 Bg7 7. Qd2 Nf6 8. f3
O-O 9. Bc4 Bd7 10. O-O-O Ne5 11. Bb3 Rc8 12. Kb1 Re8 13. g4 b5 14. g5 b4 15.
Nce2 Nh5 16. f4 Ng4 17. Bg1 e5 18. Nf3 exf4 19. Nxf4 Bc6 20. Nd5 Rxe4 21. Bxa7
Qa5 22. Bb6 Qa6 23. h3 Re2 24. Qxb4 Bxd5 25. Rxd5 Ne3 26. Bxe3 Rxe3 27. Nd2 Qa8
28. Rd1 Rxh3 29. a4 Be5 30. Ne4 Rb8 31. Qc4 Rc8 32. Qf1 Nf4 33. Nxd6 Bxd6 34.
Rxd6 Rxb3 35. cxb3 Qe4+ 36. Ka1 Ne6 37. Rd7 Qf4 38. Rd8+ Rxd8 39. Rxd8+ Kg7 40.
Qxf4 Nxf4 41. a5 1-0

[Event "8th Southwest Class"]
[Site "Forth Worth, TX"]
[Date "2017.02.16"]
[Round "1.26"]
[White "Matta, Nick"]
[Black "Sturt, Raven"]
[Result "0-1"]
[WhiteElo "2019"]
[BlackElo "2431"]
[PlyCount "102"]
[EventDate "2017.02.??"]
[EventType "swiss"]
[EventRounds "9"]
[EventCountry "USA"]

1. d4 d5 2. c4 c6 3. Nf3 Nf6 4. Qc2 dxc4 5. Qxc4 Bf5 6. g3 Nbd7 7. Bg2 e6 8.
O-O Be7 9. e3 O-O 10. Qe2 Qc7 11. Nc3 Ne4 12. Nd2 Nxc3 13. bxc3 e5 14. e4 Be6
15. f4 f6 16. Nf3 b5 17. Rd1 Rae8 18. Qc2 Bd6 19. fxe5 fxe5 20. a4 a5 21. Be3
Ra8 22. Ng5 Bc4 23. Bf1 Nb6 24. d5 Rxf1+ 25. Rxf1 Bxf1 26. Rxf1 Nc4 27. Bf2 Qe7
28. Ne6 Rc8 29. Qa2 cxd5 30. exd5 Qb7 31. Rd1 bxa4 32. Qxa4 Qf7 33. Qc2 h6 34.
Rf1 Kh8 35. Qd3 a4 36. Be3 Qh5 37. Rf5 Qg4 38. Bxh6 gxh6 39. Rf6 e4 40. Rxh6+
Kg8 41. Qd4 Ne5 42. Qxa4 Qe2 43. Rf6 Rb8 44. Rf2 Nf3+ 45. Kg2 Nh4+ 46. Kh3 Qxf2
47. Qxe4 Qf5+ 48. Qxf5 Nxf5 49. c4 Rc8 50. Kg4 Ne3+ 51. Kg5 Rxc4 0-1

[Event "8th Southwest Class"]
[Site "Forth Worth, TX"]
[Date "2017.02.16"]
[Round "1.27"]
[White "FM Rozman, Levy"]
[Black "Xie, Tianming"]
[Result "1-0"]
[WhiteElo "2404"]
[BlackElo "2004"]
[PlyCount "51"]
[EventDate "2017.02.??"]
[EventType "swiss"]
[EventRounds "9"]
[EventCountry "USA"]

1. d4 Nf6 2. c4 g6 3. Nc3 Bg7 4. e4 d6 5. Be2 O-O 6. Be3 c5 7. e5 Ne8 8. exd6
Nxd6 9. d5 Nd7 10. Nf3 b6 11. h4 Nf6 12. Ne5 Nfe4 13. Nc6 Nxc3 14. bxc3 Qc7 15.
h5 Ne4 16. Bd3 Bxc3+ 17. Kf1 Bf5 18. Rc1 Bd4 19. Bxd4 cxd4 20. Bxe4 Bxe4 21.
Qxd4 Bf5 22. g4 Bc8 23. Re1 Re8 24. Qf6 Bb7 25. Rxe7 Rxe7 26. h6 1-0

[Event "8th Southwest Class"]
[Site "Forth Worth, TX"]
[Date "2017.02.16"]
[Round "1.29"]
[White "IM Mulyar, Michael"]
[Black "Obili, Abhishek"]
[Result "1/2-1/2"]
[WhiteElo "2397"]
[BlackElo "1986"]
[PlyCount "58"]
[EventDate "2017.02.??"]
[EventType "swiss"]
[EventRounds "9"]
[EventCountry "USA"]

1. d4 Nf6 2. Nf3 g6 3. c4 Bg7 4. g3 c6 5. Bg2 d5 6. Nbd2 O-O 7. O-O Bf5 8. b3
Ne4 9. Bb2 a5 10. Nh4 Nxd2 11. Qxd2 Be6 12. e4 dxc4 13. d5 Bxb2 14. Qxb2 cxd5
15. exd5 c3 16. Qxc3 Bxd5 17. Rad1 e6 18. Bxd5 exd5 19. Qc5 Na6 20. Qxd5 Qxd5
21. Rxd5 Nb4 22. Rb5 Nxa2 23. Ra1 Nc3 24. Rxb7 Rab8 25. Rxb8 Rxb8 26. Rxa5 Rxb3
27. Re5 Rb7 28. Re1 Kg7 29. Nf3 Rb1 1/2-1/2

[Event "8th Southwest Class"]
[Site "Forth Worth, TX"]
[Date "2017.02.16"]
[Round "1.30"]
[White "Bannerjee, Abhimany"]
[Black "Hong, Andrew"]
[Result "0-1"]
[WhiteElo "1958"]
[BlackElo "2387"]
[PlyCount "56"]
[EventDate "2017.02.??"]
[EventType "swiss"]
[EventRounds "9"]
[EventCountry "USA"]

1. e4 c5 2. Nc3 d6 3. f4 g6 4. Nf3 Bg7 5. Bc4 Nc6 6. O-O e6 7. d3 Nge7 8. Qe1
O-O 9. f5 d5 10. Bb3 dxe4 11. f6 Bxf6 12. Nxe4 Bg7 13. Bg5 f6 14. Nxc5 fxg5 15.
Nxe6 Bxe6 16. Qxe6+ Kh8 17. Nxg5 Qd4+ 18. Kh1 h6 19. Nf7+ Kh7 20. Rf3 Rae8 21.
c3 Qb6 22. Rh3 Ne5 23. Nd6 Ng4 24. Rf3 Nf2+ 25. Rxf2 Qxf2 26. Rg1 Rf6 27. Qd7
Ref8 28. h3 Qxg1+ 0-1